Transakční náklady v teorii reálneho devizového kursu.

Úloha transakčných nákladov v medzinárodnom obchode s dôrazom na dlhodobú rovnováhu devízového kurzu a jeho odchýlky od parity kúpnej sily. Existencia transakčných nákladov ako hlavná príčina tejto odchýlky a existencie neobchodných tovarov. Rozdiel medzi domácimi a medzinárodnými transakčnými nákla...

Descrizione completa

Salvato in:
Dettagli Bibliografici
Autore principale: Holman, R.
Natura: Capitolo di libro
Lingua:ceco
Soggetti:
Tags: Aggiungi Tag
Nessun Tag, puoi essere il primo ad aggiungerne!!

MARC

LEADER 00000naa a2200000 4500
001 r013439
005 20221205075843.7
041 0 |a cze 
044 |a CZ 
245 1 0 |a Transakční náklady v teorii reálneho devizového kursu.  |c R. Holman 
520 |a Úloha transakčných nákladov v medzinárodnom obchode s dôrazom na dlhodobú rovnováhu devízového kurzu a jeho odchýlky od parity kúpnej sily. Existencia transakčných nákladov ako hlavná príčina tejto odchýlky a existencie neobchodných tovarov. Rozdiel medzi domácimi a medzinárodnými transakčnými nákladmi a ich začlenenie do modelu všeobecnej rovnováhy určujúceho rovnováhu devízového kurzu. 
610 2 0 |a kurz devízový 
610 2 0 |a náklady 
610 2 0 |a tovar 
610 2 0 |a sila kúpna peňazí 
610 2 0 |a modely rovnováhy 
610 2 0 |a obchod medzinárodný 
100 1 |a Holman, R.